000 03018nam a2200433.c 4500
001 52603
003 ES-MaCES
005 20250203134106.0
008 221215s2022 uk ||||| |||||||||||eng|d
020 _a9781838601379 (pb)
040 _aES-MaCES
_bspa
_cES-MaCES
100 1 _940562
_aPieper, Moritz
245 1 4 _aThe making of Eurasia
_b: competition and cooperation between China's belt and road initiative and Russia
_cMoritz Pieper
250 _a1st ed
260 _aLondon [etc.]
_bI.B. Tauris
_c2022
300 _aXIII, [1 h.], 166 p.
_c24 cm
500 _aÍndices
504 _aBibliografía: p. 146-159
520 3 _aThe Making of Eurasia investiga el espectro de múltiples capas de las políticas euroasiáticas de China y Rusia entre sí, que van desde la competencia hasta la cooperación, así como el papel de los actores regionales en el medio. El libro examina el impacto y las respuestas a la dinámica interacción chino-rusa a raíz de la iniciativa de la Franja y la Ruta de China, centrándose en los estudios de casos seleccionados de Kazajstán, Mongolia y Uzbekistán, pero también en las implicaciones interregionales en todo el espacio euroasiático. Con la impronta de China en la política interregional y la ambición de hacer una contribución china distintiva a la 'globalización' y la visión de Rusia de una 'Gran Eurasia' en la que Moscú se adjudica un lugar como potencia indispensable, otros actores regionales adoptan políticas que responden y co-forman las fuerzas centrífugas resultantes. Mientras tanto, los cambios de poder están en marcha en un plano global, ya que la división normativa entre Rusia y Occidente se ha ampliado y la rivalidad chino-estadounidense se está intensificando. Por lo tanto, el libro también arroja luz sobre los efectos de los cambios de poder de Eurasia en la gobernanza mundial en un contexto en el que se cuestiona el "liderazgo" mundial y en el que EE. UU. y Europa están redefiniendo su relación no solo hacia una China segura de sí misma, sino también hacia uno hacia el otro. Como tal, este estudio proporcionará información valiosa para estudiantes y académicos de estudios de Asia euroasiática, análisis de política exterior y relaciones internacionales en general.
541 _cCompra
650 4 _926675
_arelaciones internacionales
650 4 _926673
_arelaciones económicas
650 4 _930653
_aglobalización económica
650 4 _929223
_anuevo orden económico internacional
650 4 _926687
_apolítica exterior
650 4 _926636
_acooperación regional
650 4 _926635
_acooperación internacional
650 4 _927897
_acompetencia
650 4 _926909
_aChina
650 4 _930484
_aRusia, Federación (1991- )
650 4 _926905
_aAsia
650 4 _926940
_aEuropa
650 4 _926752
_aUE
650 4 _928373
_aEstados Unidos
650 4 _928776
_ageografía política
653 1 0 _aCiencias Sociales-Políticas
902 _aLIB Libro
942 _2CES
_cBK
_h7.0.
999 _c52603
_d52603